<?xml version="1.0" encoding="UTF-8"?>
<marc:record xmlns:marc="http://www.loc.gov/MARC21/slim">
   <marc:leader>00000nam a2200000 a 4500</marc:leader>
   <marc:datafield ind1="1" ind2=" " tag="100">
      <marc:subfield code="a">Weissenbeck, Barbara</marc:subfield>
      <marc:subfield code="4">aut</marc:subfield>
      <marc:subfield code="e">Verfasser/-in</marc:subfield>
   </marc:datafield>
   <marc:datafield ind1="0" ind2="0" tag="245">
      <marc:subfield code="a">Das Kunsthistorische Museum Wien mit Vivienne Westwood</marc:subfield>
   </marc:datafield>
   <marc:datafield ind1="0" ind2="0" tag="245">
      <marc:subfield code="c">Regie: Barbara Weissenbeck; Kamera: Jakob Stark; Drehbuch: Barbara Weissenbeck; Produktion: Kathrin Isberner</marc:subfield>
   </marc:datafield>
   <marc:datafield ind1=" " ind2="1" tag="264">
      <marc:subfield code="a">Potsdam</marc:subfield>
      <marc:subfield code="b">filmwerte GmbH</marc:subfield>
      <marc:subfield code="c">2023</marc:subfield>
   </marc:datafield>
   <marc:datafield ind1="1" ind2=" " tag="520">
      <marc:subfield code="a">Punk-Mode-Ikone Vivienne Westwood führt durch das Kunsthistorische Museum von Wien. Der Film ist Teil der Reihe MAGIE DER MUSEEN - keine klassische Museumsdoku, sondern Filme über persönliche Begegnungen &#x96; mit Kunstwerken, ihren Häusern und Machern, aber auch mit den Betrachtern.</marc:subfield>
   </marc:datafield>
   <marc:datafield ind1=" " ind2=" " tag="041">
      <marc:subfield code="a">ger</marc:subfield>
   </marc:datafield>
   <marc:datafield ind1=" " ind2=" " tag="300">
      <marc:subfield code="a">1 Online-Ressource (52 min), Bild: 16:9 HD</marc:subfield>
   </marc:datafield>
</marc:record>
